000 00230nam a22001097a 4500
999 _c168384
_d168384
082 _a
_b
100 _aLallan Ray
245 _aThulsi ki sahithya sadhana/
_cby Lallan Ray.
260 _a
_b
_c2002.
650 _a
942 _cBK